000 00628nam a2200241 i 4500
001 bg
245 0 0 _aMicrosoft Visual InterDev 6.0 programmer's guide.
250 _aMicrosoft Corp.
260 _aRedmond, Washington :
_bMicrosoft Press,
_c1999.
300 _aXXII, 480 s. ;
_c24 cm.
504 _aIndeks.
650 9 _aVisual InterDev
650 9 _aStrony WWW
655 _aPodręczniki
710 0 _aMicrosoft Corporation
020 _a1572318678
040 _cBPK
041 0 _aen
080 _a004.738.52:004.438](07)
920 _a1-57231-867-8
942 _cKS
008 s pl f |000 0 pol
999 _c36347
_d36347